[Event "Wiesbaden op 28th"]
[Site "Wiesbaden"]
[Date "2016.08.26"]
[Round "3"]
[White "Neukirchner, Pascal"]
[Black "Barg, Harald"]
[Result "1-0"]
[WhiteElo "2082"]
[BlackElo "1820"]
[PlyCount "55"]
[EventDate "2016.08.25"]
[EventType "swiss"]
[EventRounds "7"]
[EventCountry "GER"]
[SourceTitle "CBM 174 Extra"]
[Source "ChessBase"]
[SourceDate "2016.10.10"]
[SourceVersion "1"]
[SourceVersionDate "2016.10.10"]
[SourceQuality "1"]

1. Nf3 d5 2. g3 Nf6 3. Bg2 c5 4. 0-0 Nc6 5. c4 d4 6. d3 e5 7. b4 cxb4 8. Bb2 Bc5 9. Nbd2 Qd6 10. Ng5 Bf5 11. Qa4 0-0 12. Rfb1 Rfc8 13. a3 a5 14. axb4 Bxb4 15. Ba3 Ra7 16. Bxc6 Bxa3 17. Bxb7 Rb8 18. Rxa3 Raxb7 19. Rxb7 Rxb7 20. Qxa5 h6 21. c5 Qc7 22. Qxc7 Rxc7 23. Ra8+ Bc8 24. Nge4 Ne8 25. Nc4 Kh7 26. Ned6 Nxd6 27. cxd6 Rc6 28. Ra7 1-0